[Event "2nd Gujarat Open 2019"]
[Site "Ahmedabad, Gujarat"]
[Date "2019.09.26"]
[Round "7.9"]
[White "Neelotpal, Das"]
[Black "Neelash Saha"]
[Result "0-1"]
[WhiteElo "2433"]
[BlackElo "2334"]
[Annotator "NA"]
[PlyCount "164"]
[EventDate "2019.09.22"]
[EventType "swiss"]
[EventCountry "IND"]
[SourceTitle "playchess.com"]
[Source "ChessBase"]
[SourceQuality "1"]
[TimeControl "5400+30"]

1. e4 {[%emt 0:00:00]} c6 {[%emt 0:01:15]} 2. d4 {[%emt 0:00:00]} d5 {[%emt 0:00:04]} 3. e5 {[%emt 0:00:00]} Bf5 {[%emt 0:00:04]} 4. Nf3 {[%emt 0:00:00]} e6 {[%emt 0:00:05]} 5. Be2 {[%emt 0:00:00]} Ne7 {[%emt 0:00:40]} 6. Nbd2 {[%emt 0:00:09]} c5 {[%emt 0:02:55]} 7. dxc5 {[%emt 0:01:09]} Nec6 {[%emt 0:01:15]} 8. a3 {[%emt 0:01:40]} Bxc5 {[%emt 0:01:11]} 9. O-O {[%emt 0:09:34]} Nd7 {[%emt 0:04:54]} 10. Bb5 {[%emt 0:01:33]} O-O {[%emt 0:03:22]} 11. Bxc6 {[%emt 0:03:50]} bxc6 {[%emt 0:01:04]} 12. b4 {[%emt 0:00:16]} Bb6 {[%emt 0:01:31]} 13. Bb2 {[%emt 0:00:05]} c5 {[%emt 0:00:41]} 14. Re1 {[%emt 0:13:01]} a5 {[%emt 0:05:45]} 15. b5 {[%emt 0:09:28]} a4 {[%emt 0:00:32]} 16. c4 {[%emt 0:03:07]} Ba5 {[%emt 0:00:44]} 17. Qe2 {[%emt 0:08:04]} Nb6 {[%emt 0:02:56]} 18. cxd5 {[%emt 0:03:44]} exd5 {[%emt 0:05:54]} 19. Rac1 {[%emt 0:03:01]} Qe7 {[%emt 0:00:15]} 20. Red1 {[%emt 0:00:53]} Rfc8 {[%emt 0:03:06]} 21. Nf1 {[%emt 0:03:44]} Be6 {[%emt 0:01:01]} 22. Bc3 {[%emt 0:04:19]} Bxc3 {[%emt 0:02:21]} 23. Rxc3 {[%emt 0:00:05]} d4 {[%emt 0:00:02]} 24. Rcc1 {[%emt 0:00:04]} Bb3 {[%emt 0:01:11]} 25. Re1 {[%emt 0:00:04]} Rd8 {[%emt 0:01:27]} 26. Ng3 {[%emt 0:02:35]} d3 {[%emt 0:06:54]} 27. Qd2 {[%emt 0:03:28]} Nc4 {[%emt 0:01:15]} 28. Nf5 {[%emt 0:00:09]} Qf8 {[%emt 0:00:49]} 29. Qf4 {[%emt 0:10:30]} d2 {[%emt 0:03:43]} 30. Nxd2 {[%emt 0:00:06]} Nxd2 {[%emt 0:00:03]} 31. Nd6 {[%emt 0:02:25]} f6 {[%emt 0:08:40]} 32. Re2 {[%emt 0:00:17]} fxe5 {[%emt 0:01:02]} 33. Qxf8+ {[%emt 0:00:31]} Kxf8 {[%emt 0:00:04]} 34. Rxd2 {[%emt 0:00:12]} c4 {[%emt 0:00:11]} 35. b6 {[%emt 0:12:25]} Rab8 {[%emt 0:02:00]} 36. f3 {[%emt 0:00:07]} Rxb6 {[%emt 0:01:25]} 37. Nxc4 {[%emt 0:00:06]} Rc8 {[%emt 0:01:50]} 38. Nxb6 {[%emt 0:00:13]} Rxc1+ {[%emt 0:00:08]} 39. Kf2 {[%emt 0:00:01]} Ra1 {[%emt 0:00:45]} 40. Nd7+ {[%emt 0:01:55]} Ke8 {[%emt 0:02:20]} 41. Nc5 {[%emt 0:05:22]} Rxa3 {[%emt 0:03:31]} 42. Re2 {[%emt 0:00:08]} Kf7 {[%emt 0:00:11]} 43. Rxe5 {[%emt 0:00:45]} Bc2 {[%emt 0:02:45]} 44. Kg3 {[%emt 0:01:20]} h6 {[%emt 0:04:20]} 45. h4 Rc3 {[%emt 0:01:38]} 46. Ne4 {[%emt 0:00:37]} Rb3 {[%emt 0:00:55]} 47. Kf4 {[%emt 0:00:34]} a3 {[%emt 0:04:09]} 48. Ra5 {[%emt 0:00:41]} Bb1 {[%emt 0:02:56]} 49. Ra7+ {[%emt 0:00:15]} Kg8 {[%emt 0:00:05]} 50. g4 {[%emt 0:00:35]} a2 {[%emt 0:00:45]} 51. g5 {[%emt 0:00:09]} hxg5+ {[%emt 0:04:31]} 52. hxg5 {[%emt 0:00:36]} Kh7 {[%emt 0:00:46]} 53. Ra6 {[%emt 0:01:10]} Rb6 {[%emt 0:01:28]} 54. Ra7 {[%emt 0:00:11]} Rc6 {[%emt 0:00:37]} 55. Ke3 {[%emt 0:01:31]} Kg6 {[%emt 0:00:29]} 56. Kd4 {[%emt 0:00:30]} Rc1 {[%emt 0:02:04]} 57. Nc3 {[%emt 0:00:26]} Rc2 {[%emt 0:00:06]} 58. Ne4 {[%emt 0:00:38]} Rc7 {[%emt 0:01:00]} 59. Ra5 {[%emt 0:00:14]} Rd7+ {[%emt 0:01:35]} 60. Ke3 {[%emt 0:00:47]} Rd1 {[%emt 0:00:22]} 61. Nd2 {[%emt 0:00:30]} Kh5 {[%emt 0:01:45]} 62. Ra7 {[%emt 0:00:34]} Rg1 {[%emt 0:01:00]} 63. f4 {[%emt 0:00:30]} Kg4 {[%emt 0:01:23]} 64. Kd4 {[%emt 0:00:24]} Kxf4 {[%emt 0:00:39]} 65. Kc3 {[%emt 0:00:14]} Rc1+ {[%emt 0:01:50]} 66. Kb3 {[%emt 0:00:28]} Rc7 {[%emt 0:01:32]} 67. Ra5 {[%emt 0:00:34]} Rb7+ {[%emt 0:01:19]} 68. Kc3 {[%emt 0:00:10]} Rb5 {[%emt 0:00:06]} 69. Ra7 {[%emt 0:00:30]} g6 {[%emt 0:00:42]} 70. Nb3 {[%emt 0:00:03]} Kxg5 {[%emt 0:00:39]} 71. Kb2 {[%emt 0:00:22]} Bf5 {[%emt 0:00:16]} 72. Ra5 {[%emt 0:00:34]} Rxa5 {[%emt 0:00:05]} 73. Nxa5 {[%emt 0:00:03]} Be6 {[%emt 0:00:08]} 74. Nc6 {[%emt 0:01:16]} Kf4 {[%emt 0:01:20]} 75. Nd4 {[%emt 0:00:20]} Bc4 {[%emt 0:00:04]} 76. Nc2 {[%emt 0:00:45]} g5 {[%emt 0:00:22]} 77. Ne1 {[%emt 0:00:05]} Ke3 {[%emt 0:00:07]} 78. Nc2+ {[%emt 0:00:10]} Ke4 {[%emt 0:01:19]} 79. Ne1 {[%emt 0:00:04]} g4 {[%emt 0:00:12]} 80. Ng2 {[%emt 0:00:04]} g3 {[%emt 0:00:34]} 81. Ka1 {[%emt 0:00:12]} Bd5 {[%emt 0:01:05]} 82. Kb2 {[%emt 0:00:24]} Kf3 {[%emt 0:00:12]} 0-1

[Event "2nd Gujarat Open 2019"]
[Site "Ahmedabad, Gujarat"]
[Date "2019.09.26"]
[Round "7.10"]
[White "Lugovskoy, Maxim"]
[Black "Shailesh, Dravid"]
[Result "1-0"]
[WhiteElo "2422"]
[BlackElo "2299"]
[Annotator "NA"]
[PlyCount "88"]
[EventDate "2019.09.22"]
[EventType "swiss"]
[EventCountry "IND"]
[SourceTitle "playchess.com"]
[Source "ChessBase"]
[SourceQuality "1"]
[TimeControl "5400+30"]

1. e4 {[%emt 0:00:12]} d5 {[%emt 0:01:55]} 2. exd5 {[%emt 0:00:56]} Nf6 {[%emt 0:00:05]} 3. d4 {[%emt 0:00:37]} Bg4 {[%emt 0:00:05]} 4. f3 {[%emt 0:00:28]} Bf5 {[%emt 0:00:07]} 5. c4 {[%emt 0:00:07]} e6 {[%emt 0:00:10]} 6. dxe6 {[%emt 0:00:15]} Nc6 {[%emt 0:00:05]} 7. Bd3 {[%emt 0:01:41]} Bb4+ {[%emt 0:04:39]} 8. Nc3 {[%emt 0:01:45]} Bxd3 {[%emt 0:04:19]} 9. Qxd3 {[%emt 0:00:09]} Nxd4 {[%emt 0:04:55]} 10. exf7+ {[%emt 0:05:38]} Kxf7 {[%emt 0:00:11]} 11. Be3 {[%emt 0:00:07]} Re8 {[%emt 0:06:45]} 12. O-O-O {[%emt 0:02:03]} c5 {[%emt 0:00:41]} 13. Nh3 {[%emt 0:03:09]} Qa5 {[%emt 0:09:28]} 14. Ng5+ {[%emt 0:03:03]} Kf8 {[%emt 0:01:10]} 15. Rhe1 {[%emt 0:07:20]} Bxc3 {[%emt 0:17:42]} 16. bxc3 {[%emt 0:03:14]} Nc6 {[%emt 0:00:51]} 17. Qc2 {[%emt 0:15:02]} Ne5 {[%emt 0:03:37]} 18. Qb3 {[%emt 0:03:38]} h6 {[%emt 0:01:56]} 19. Nh3 {[%emt 0:00:58]} Re6 {[%emt 0:00:33]} 20. Nf4 {[%emt 0:02:38]} Rb6 {[%emt 0:00:48]} 21. Bxc5+ {[%emt 0:00:11]} Qxc5 {[%emt 0:09:12]} 22. Rxe5 {[%emt 0:00:05]} Rxb3 {[%emt 0:01:47]} 23. Rxc5 {[%emt 0:00:31]} Rxc3+ {[%emt 0:00:04]} 24. Kb2 {[%emt 0:00:18]} Re3 {[%emt 0:00:05]} 25. Rc7 {[%emt 0:01:30]} b6 {[%emt 0:00:11]} 26. Rd2 {[%emt 0:00:29]} Kg8 {[%emt 0:01:15]} 27. Ne2 {[%emt 0:01:06]} Rae8 {[%emt 0:01:15]} 28. Nd4 {[%emt 0:01:49]} R3e7 {[%emt 0:00:29]} 29. Rxe7 {[%emt 0:00:06]} Rxe7 {[%emt 0:00:02]} 30. Nf5 {[%emt 0:01:28]} Rc7 {[%emt 0:00:37]} 31. Rd4 {[%emt 0:01:01]} Nd7 {[%emt 0:02:42]} 32. Ne7+ {[%emt 0:00:53]} Kf7 {[%emt 0:00:06]} 33. Nd5 {[%emt 0:00:05]} Rc8 {[%emt 0:00:40]} 34. Nc3 {[%emt 0:00:57]} Ne5 {[%emt 0:01:45]} 35. Nb5 {[%emt 0:04:17]} Rc5 {[%emt 0:02:34]} 36. Na3 {[%emt 0:03:55]} Ke6 {[%emt 0:02:10]} 37. Re4 {[%emt 0:00:08]} Kf6 {[%emt 0:00:28]} 38. Kb3 {[%emt 0:01:45]} g6 {[%emt 0:03:50]} 39. Rf4+ {[%emt 0:05:10]} Ke7 {[%emt 0:00:44]} 40. Nc2 {[%emt 0:00:59]} Nc6 {[%emt 0:04:32]} 41. Ne3 {[%emt 0:00:59]} Ke6 {[%emt 0:00:05]} 42. Re4+ {[%emt 0:01:26]} Kf7 {[%emt 0:00:43]} 43. Rf4+ {[%emt 0:05:47] a6 Re4 b5 f4 bxc4+ g4 Rd5+ Nxc4 Rd1 Kc3 Rh1 h4} Kg7 {[%emt 0:00:00] Nd6 Nd8 Re8 Nc6 f5} 44. Rh4 {[%emt 0:03:43] Re6 Rh3+ Kd2} Nd4+ {[%emt 0:00:00] f6+ Kh7 Re7+ Kg8 Re8+ Kh7 f7} 1-0

[Event "2nd Gujarat Open 2019"]
[Site "Ahmedabad, Gujarat"]
[Date "2019.09.26"]
[Round "7.11"]
[White "Sahoo, Utkal Ranjan"]
[Black "Murshed, Niaz"]
[Result "1-0"]
[WhiteElo "2329"]
[BlackElo "2405"]
[Annotator "NA"]
[PlyCount "83"]
[EventDate "2019.09.22"]
[EventType "swiss"]
[EventCountry "IND"]
[SourceTitle "playchess.com"]
[Source "ChessBase"]
[SourceQuality "1"]
[TimeControl "5400+30"]

1. d4 {[%emt 0:00:00]} g6 {[%emt 0:03:28]} 2. Nf3 {[%emt 0:01:26]} Bg7 {[%emt 0:00:49]} 3. c3 {[%emt 0:01:23]} Nf6 {[%emt 0:02:01]} 4. Bg5 {[%emt 0:01:35]} h6 {[%emt 0:03:14]} 5. Bh4 {[%emt 0:00:39]} d6 {[%emt 0:04:28]} 6. Nbd2 {[%emt 0:00:49]} g5 {[%emt 0:00:20]} 7. Bg3 {[%emt 0:00:07]} Bf5 {[%emt 0:00:03]} 8. e3 {[%emt 0:03:00]} Nbd7 {[%emt 0:02:56]} 9. Bc4 {[%emt 0:02:57]} e6 {[%emt 0:02:20]} 10. Bb3 {[%emt 0:08:08]} Qe7 {[%emt 0:03:17]} 11. Bc2 {[%emt 0:00:32]} Bxc2 {[%emt 0:06:17]} 12. Qxc2 {[%emt 0:00:02]} Nh5 {[%emt 0:00:19]} 13. O-O-O {[%emt 0:13:12]} O-O-O {[%emt 0:03:56]} 14. e4 {[%emt 0:01:27]} Kb8 {[%emt 0:00:12]} 15. Kb1 {[%emt 0:01:30]} Nb6 {[%emt 0:07:50]} 16. Nb3 {[%emt 0:04:43]} Qd7 {[%emt 0:06:07]} 17. Qe2 {[%emt 0:04:59]} f5 {[%emt 0:07:18]} 18. Nfd2 {[%emt 0:00:55]} Qf7 {[%emt 0:00:30]} 19. f3 {[%emt 0:00:21]} Rhf8 {[%emt 0:01:47]} 20. Nc1 {[%emt 0:04:31]} Qg6 {[%emt 0:12:19]} 21. Nd3 {[%emt 0:01:45]} fxe4 {[%emt 0:01:19]} 22. Qxe4 {[%emt 0:06:00]} Qf7 {[%emt 0:02:22]} 23. Rhe1 {[%emt 0:02:54]} Rde8 {[%emt 0:01:38]} 24. Qe2 {[%emt 0:04:01]} Nd5 {[%emt 0:03:23]} 25. Ne4 {[%emt 0:01:28]} Qg6 {[%emt 0:06:03]} 26. c4 {[%emt 0:08:34]} Ne7 {[%emt 0:04:05]} 27. Bf2 {[%emt 0:04:05]} b6 {[%emt 0:03:37]} 28. Qc2 {[%emt 0:06:07]} Nf4 {[%emt 0:01:13]} 29. c5 {[%emt 0:11:06]} d5 {[%emt 0:02:56]} 30. cxb6 {[%emt 0:00:12]} axb6 {[%emt 0:00:21]} 31. Nc3 {[%emt 0:01:11]} Nxd3 {[%emt 0:00:54]} 32. Rxd3 {[%emt 0:00:08]} Nc6 {[%emt 0:01:49]} 33. Nb5 {[%emt 0:00:14]} Re7 {[%emt 0:00:50]} 34. a3 {[%emt 0:01:45]} Na7 {[%emt 0:00:31]} 35. Nc3 {[%emt 0:01:01]} Rfe8 {[%emt 0:00:50]} 36. Bg3 {[%emt 0:01:01]} Kb7 {[%emt 0:00:21]} 37. Rc1 {[%emt 0:00:36]} Qf5 {[%emt 0:02:47]} 38. Ka1 {[%emt 0:00:59]} Rc8 {[%emt 0:00:15]} 39. Na4 {[%emt 0:00:35]} c6 {[%emt 0:00:45]} 40. Nxb6 {[%emt 0:00:51]} Kxb6 {[%emt 0:00:24]} 41. Rb3+ {[%emt 0:00:27]} Ka6 {[%emt 0:00:16]} 42. Qe2+ {[%emt 0:00:08]} 1-0

[Event "2nd Gujarat Open 2019"]
[Site "Ahmedabad, Gujarat"]
[Date "2019.09.26"]
[Round "7.12"]
[White "Souhardo Basak"]
[Black "Manik, Mikulas"]
[Result "0-1"]
[WhiteElo "2301"]
[BlackElo "2375"]
[Annotator "TA"]
[PlyCount "74"]
[EventDate "2019.09.22"]
[EventType "swiss"]
[EventCountry "IND"]
[SourceTitle "playchess.com"]
[Source "ChessBase"]
[SourceQuality "1"]

{[%evp 19,96,-23,-3,-24,-2,-18,-9,-27,-27,-47,-29,-21,-25,-45,-51,-52,-58,-100,-7,-239,-221,-249,-236,-236,-116,-97,-120,-116,-110,-108,-111,-112,-93,-82,-87,-83,-77,-79,-80,-98,-104,-96,-52,-159,-152,-177,-172,-146,-162,-145,-139,-144,-150,-153,-147,-146,-107,-241,-239,-245,-252,-333,-306,-416,-415,-400,-395,-466,-443,-575,-572,-802,-695,-1578,-1390,-1295,-1258,-1456,-998]} 1. e4 c5 2. Nf3 d6 3. d4 cxd4 4. Nxd4 Nf6 5. Nc3 a6 6. Be2 e6 7. Be3 Qc7 8. O-O b5 9. a3 Bb7 10. Bd3 Nbd7 11. f4 {B84: Sicilian Scheveningen: 6 Be2 a6, lines without early Be3} Nc5 {[%cal Rc5e4]} (11... g6 12. Kh1 Bg7 13. Qf3 Nc5 14. Rae1 O-O 15. Bg1 Rae8 16. Nb3 Nfd7 17. Qh3 f5 18. exf5 exf5 19. Nxc5 dxc5 {½-½ (45) Gabrielian,A (2545)-Shomoev,A (2560) Dombai 2013}) 12. Qf3 Be7 13. Kh1 {The position is equal.} O-O 14. Rfc1 Rfe8 15. b4 Ncd7 16. Nd1 e5 17. Nf5 {Threatening c4.} exf4 18. Bxf4 {[#]} Nxe4 (18... Bxe4 $1 $17 {[%mdl 512]} 19. Bxe4 Nxe4) 19. Qg4 $146 ({But not} 19. Bxe4 Bxe4 20. Qc3 (20. Qxe4 $2 Bf6 $19 {[%mdl 64] Discovered Attack}) 20... Qxc3 $17) (19. c4 $1 $11 {and White has nothing to worry.} Nef6 20. Qf2) 19... Bf6 $19 20. Bxe4 Rxe4 {[%cal Re4e1]} 21. Nf2 Rxf4 (21... Ne5 $19 22. Qg3 Rc4) 22. Qxf4 $17 Bxa1 23. Rxa1 Ne5 24. Ne4 Bxe4 25. Qxe4 Rd8 26. Rd1 g6 27. Ne3 Kg7 28. Qh4 {Threatens to win with Nd5.} f6 29. Qxf6+ {[%mdl 64] Decoy} Kxf6 30. Nd5+ Kf7 31. Nxc7 $15 {[%mdl 4096] Endgame KRN-KRN} (31. Rf1+ $15 Kg7 32. Nxc7) 31... Rc8 $17 32. Rf1+ Ke7 33. Nd5+ Ke6 34. Nf4+ Kd7 35. Rf2 Rc3 36. Nd5 Rxa3 {( -> ...Ra1+)} 37. h3 Nc6 {Played: Ra3-a2} 0-1

[Event "2nd Gujarat Open 2019"]
[Site "Ahmedabad, Gujarat"]
[Date "2019.09.26"]
[Round "7.13"]
[White "Konguvel, Ponnuswamy"]
[Black "Zia, Tahsin Tajwar"]
[Result "1-0"]
[WhiteElo "2374"]
[BlackElo "2142"]
[Annotator "TA"]
[PlyCount "111"]
[EventDate "2019.09.22"]
[EventType "swiss"]
[EventCountry "IND"]
[SourceTitle "playchess.com"]
[Source "ChessBase"]
[SourceQuality "1"]

{[%evp 25,111,51,59,25,20,16,25,20,32,14,72,68,64,84,88,75,84,64,71,81,77,41,34,39,50,46,97,72,114,115,172,186,218,208,218,214,208,154,229,220,258,246,260,139,165,154,183,183,175,179,155,30,28,35,24,24,41,41,573,509,409,0,120,106,243,247,1066,1066,1088,1043,966,950,891,507,504,500,503,493,484,475,691,695,650,647,653,526,867,963]} 1. e4 c5 2. Nf3 d6 3. d4 cxd4 4. Nxd4 Nf6 5. Nc3 Nc6 6. Bg5 e6 7. Qd2 a6 8. O-O-O Bd7 9. f4 Be7 10. Nf3 b5 11. Bxf6 gxf6 12. Kb1 Qb6 13. f5 O-O-O 14. Ne2 {B69: Sicilian: Richter-Rauzer: 7...a6 8 0-0-0 Bd7 9 f4 Be7 10 Nf3 b5 11 Bxf6} (14. g3 Kb8 15. fxe6 fxe6 16. Bh3 Na5 17. Nd4 b4 18. Nce2 e5 19. Bxd7 Rxd7 20. Nf5 Nc4 21. Qd3 Rc8 22. Ka1 Bf8 23. b3 Na3 24. c4 bxc3 25. Nxc3 {½-½ (64) Navara,D (2734)-Saric,I (2681) Patras 2019}) 14... Kb8 15. Nf4 Bc8 16. Bd3 {White has an edge.} Ne5 17. Be2 Nxf3 (17... Nc4 $11 18. Bxc4 bxc4) 18. Bxf3 $16 d5 19. exd5 e5 20. Ne2 Bxf5 {[#]} 21. g4 $146 ({Predecessor:} 21. Ng3 Bg6 {½-½ (38) Solak,D (2586)-Ashwin,J (2471) Albena 2012}) 21... Bg6 22. Ng3 Bc5 23. Rhf1 Be3 24. Qg2 Bf4 25. Ne2 Be3 (25... Bg5 $14) 26. Be4 Rd6 27. Rd3 Rhd8 (27... h5 $16) 28. h4 $18 Bh6 29. h5 Bxe4 30. Qxe4 Bg5 31. Ng3 (31. Qxh7 $6 Rxd5 32. Rxd5 (32. Qxf7 $2 Rxd3 33. cxd3 Qe3 $17 {[%mdl 64] Double Attack}) 32... Rxd5 $16) 31... Qc5 (31... Bf4 $16 {was necessary.}) 32. Rfd1 ({Don't play} 32. Qxh7 $6 Rxd5 33. Ne4 Rxd3) 32... Rc8 33. c3 b4 34. Nf5 ({Not} 34. Qxb4+ Qxb4 35. cxb4 Rc4 $14) ({Don't do} 34. Qxh7 $6 bxc3 35. Rxc3 Rxd5 $16) (34. Qf3 $18) 34... Rb6 {[%cal Rb4c3]} 35. Ka1 Qb5 {White must now prevent ...bxc3.} 36. Qxb4 Qxb4 37. cxb4 Rxb4 38. Ne7 (38. d6 $16) 38... e4 $11 39. Rc3 Rxc3 40. bxc3 $14 {[%mdl 4096] Endgame KRB-KRN} Rb7 41. d6 {And now d7 would win.} Rd7 $2 {[%mdl 8192] [#]} (41... f5 $1 $14) 42. Rb1+ $1 $18 Rb7 {[#]} 43. Rd1 $2 (43. Nc6+ $1 $18 {is the precise move to win.} Kc8 44. Ne7+ Kb8 45. Rd1) 43... Rd7 $16 44. c4 {[%cal Bc3c4,Bc4c5][%mdl 32] Threatens to win with c5.} Bf4 (44... e3 $16 {keeps fighting.}) 45. c5 $18 Be5+ $2 (45... e3 46. Re1 f5 47. Nxf5 Rb7) 46. Kb1 {White is clearly winning.} Rb7+ 47. Kc1 Bf4+ 48. Kc2 Rb5 49. d7 Rxc5+ 50. Kb3 Bc7 51. d8=Q+ Bxd8 52. Rxd8+ Kb7 (52... Kc7 $142) 53. Nf5 Re5 54. Ne3 Kc7 55. Rf8 Kd6 56. Nc4+ {Accuracy: White = 58%, Black = 38%.} 1-0

[Event "2nd Gujarat Open 2019"]
[Site "Ahmedabad, Gujarat"]
[Date "2019.09.26"]
[Round "7.14"]
[White "Thanki, Hemal Karsanji"]
[Black "Abu Sufian, Shakil"]
[Result "0-1"]
[WhiteElo "2098"]
[BlackElo "2255"]
[Annotator "NA"]
[PlyCount "132"]
[EventDate "2019.09.22"]
[EventType "swiss"]
[EventCountry "IND"]
[SourceTitle "playchess.com"]
[Source "ChessBase"]
[SourceQuality "1"]
[TimeControl "5400+30"]

1. g3 {[%emt 0:00:00]} d5 {[%emt 0:00:00]} 2. Nf3 {[%emt 0:00:00]} Bg4 {[%emt 0:00:07]} 3. Bg2 {[%emt 0:00:03]} c6 {[%emt 0:00:19]} 4. c4 {[%emt 0:01:10]} e6 {[%emt 0:01:00]} 5. Ne5 {[%emt 0:01:37]} Bf5 {[%emt 0:01:37]} 6. cxd5 {[%emt 0:02:44]} exd5 {[%emt 0:01:07]} 7. Qb3 {[%emt 0:00:51]} Nd7 {[%emt 0:05:30]} 8. d4 {[%emt 0:04:12]} Qb6 {[%emt 0:07:50]} 9. Qe3 {[%emt 0:02:34]} Be7 {[%emt 0:01:25]} 10. Nc3 {[%emt 0:01:37]} Ngf6 {[%emt 0:01:50]} 11. O-O {[%emt 0:01:36]} Nxe5 {[%emt 0:04:19]} 12. Qxe5 {[%emt 0:00:11]} Be6 {[%emt 0:00:22]} 13. Na4 {[%emt 0:13:49]} Qa5 {[%emt 0:08:40]} 14. b3 {[%emt 0:06:07]} O-O {[%emt 0:00:34]} 15. Rd1 {[%emt 0:02:18]} Rfe8 {[%emt 0:01:17]} 16. Bd2 {[%emt 0:06:03]} Qd8 {[%emt 0:01:25]} 17. Bf4 {[%emt 0:03:57]} Ba3 {[%emt 0:14:45]} 18. Bg5 {[%emt 0:22:17]} Bg4 {[%emt 0:04:58]} 19. Bxf6 {[%emt 0:00:02]} Qxf6 {[%emt 0:01:02]} 20. Qxf6 {[%emt 0:00:09]} gxf6 {[%emt 0:00:01]} 21. f3 {[%emt 0:04:01]} Bf5 {[%emt 0:00:10]} 22. Rd2 {[%emt 0:06:17]} Bb4 {[%emt 0:03:59]} 23. Rb2 {[%emt 0:00:02]} b5 {[%emt 0:07:35]} 24. a3 {[%emt 0:00:01]} Bf8 {[%emt 0:00:15]} 25. Nc5 {[%emt 0:01:59]} Bxc5 {[%emt 0:01:42]} 26. dxc5 Re3 {[%emt 0:00:15]} 27. g4 {[%emt 0:03:31]} Bd7 {[%emt 0:01:51]} 28. Rc1 {[%emt 0:02:57]} Rae8 {[%emt 0:04:09]} 29. Kf2 {[%emt 0:00:19]} Kg7 {[%emt 0:00:46]} 30. Rcc2 {[%emt 0:02:28]} f5 {[%emt 0:03:56]} 31. h3 {[%emt 0:01:47]} f4 {[%emt 0:01:21]} 32. a4 {[%emt 0:00:19]} b4 {[%emt 0:00:57]} 33. a5 {[%emt 0:00:28]} Rb8 {[%emt 0:01:37]} 34. Rd2 {[%emt 0:00:01]} Rc3 {[%emt 0:00:10]} 35. Rd4 {[%emt 0:01:21]} Rxc5 {[%emt 0:00:08]} 36. Rxf4 {[%emt 0:01:14]} Rxa5 {[%emt 0:00:06]} 37. e4 {[%emt 0:02:40]} d4 {[%emt 0:04:02]} 38. Bf1 {[%emt 0:02:25]} Be6 {[%emt 0:00:23]} 39. Bd3 {[%emt 0:01:45]} f6 {[%emt 0:01:51]} 40. h4 {[%emt 0:00:29]} h6 {[%emt 0:00:10]} 41. Ke1 {[%emt 0:01:19]} Rc5 {[%emt 0:02:07]} 42. Kd2 {[%emt 0:00:33]} Rc3 {[%emt 0:00:14]} 43. Bc2 {[%emt 0:01:30]} a5 {[%emt 0:00:34]} 44. Bd1 {[%emt 0:00:25]} Rb5 {[%emt 0:02:34]} 45. Ke1 {[%emt 0:01:17]} Rbc5 {[%emt 0:00:26]} 46. Rd2 {[%emt 0:00:14]} d3 {[%emt 0:01:35]} 47. Rb2 {[%emt 0:00:24]} Re5 {[%emt 0:00:49]} 48. Kd2 {[%emt 0:00:35]} c5 {[%emt 0:00:26]} 49. Rb1 {[%emt 0:00:58]} c4 {[%emt 0:00:55]} 50. bxc4 {[%emt 0:00:02]} Bxc4 {[%emt 0:00:05]} 51. Ba4 {[%emt 0:00:07]} Ra3 {[%emt 0:01:38]} 52. Rc1 {[%emt 0:00:57]} Bf7 {[%emt 0:02:23]} 53. Bc6 {[%emt 0:01:35]} b3 {[%emt 0:01:29]} 54. Rb1 {[%emt 0:00:38]} Rc5 {[%emt 0:00:56]} 55. Bd5 {[%emt 0:00:01]} Bxd5 {[%emt 0:00:46]} 56. exd5 {[%emt 0:00:01]} Rxd5 {[%emt 0:00:06]} 57. Rc4 {[%emt 0:00:57]} Rd7 {[%emt 0:00:59]} 58. Rb2 {[%emt 0:00:43]} a4 {[%emt 0:01:15]} 59. Rc3 {[%emt 0:00:26]} Ra1 {[%emt 0:00:20]} 60. Rxd3 {[%emt 0:00:16]} Rd1+ {[%emt 0:00:27]} 61. Kxd1 {[%emt 0:00:02]} Rxd3+ {[%emt 0:00:04]} 62. Kc1 {[%emt 0:00:51]} a3 {[%emt 0:01:37]} 63. Re2 {[%emt 0:00:02]} b2+ {[%emt 0:01:43]} 64. Kc2 {[%emt 0:00:06]} Rd1 {[%emt 0:00:13]} 65. Re7+ {[%emt 0:00:07]} Kf8 {[%emt 0:00:01]} 66. Rb7 {[%emt 0:00:18]} Rc1+ {[%emt 0:00:05]} 0-1

[Event "2nd Gujarat Open 2019"]
[Site "Ahmedabad, Gujarat"]
[Date "2019.09.26"]
[Round "7.15"]
[White "Patil, Pratik"]
[Black "Siddharth, Jagadeesh"]
[Result "1-0"]
[WhiteElo "2187"]
[BlackElo "2362"]
[Annotator "NA"]
[PlyCount "85"]
[EventDate "2019.09.22"]
[EventType "swiss"]
[EventCountry "IND"]
[SourceTitle "playchess.com"]
[Source "ChessBase"]
[SourceQuality "1"]
[TimeControl "5400+30"]

1. e4 c6 2. d4 d5 3. Nd2 dxe4 4. Nxe4 Nf6 5. Nxf6+ exf6 6. c3 Bd6 7. Bd3 O-O 8. Qc2 Re8+ 9. Ne2 h5 10. Be3 Nd7 11. O-O-O Nf8 12. Kb1 Be6 13. h3 Bd5 14. Rdg1 b5 15. Nf4 Bxf4 16. Bxf4 Ng6 17. Bd2 Qd6 18. f3 Nf4 19. Bxf4 Qxf4 20. Re1 Kf8 21. Qf2 h4 22. Rxe8+ Rxe8 23. Re1 g5 24. Rxe8+ Kxe8 25. Kc2 a5 26. b3 Be6 27. Be4 Kd7 28. Qd2 Qd6 29. Qd3 Qh2 30. Qd2 Kd6 31. c4 bxc4 32. bxc4 Bxc4 33. Qxa5 Kd7 34. Qa7+ Qc7 35. Bf5+ Kd8 36. Qc5 Qf4 37. Qf8+ Kc7 38. Qe7+ Kb8 39. Qd8+ Ka7 40. Bc8 Bb5 41. Qe7+ Kb6 42. Qb7+ Ka5 43. Qa7+ 1-0